Finančná gramotnosť a vzdelávanie v kontexte vývoja na finančnom trhu
Vývoj na finančných trhoch a jeho vplyv na spotrebiteľov. Ochrana spotrebiteľov finančného trhu. Prieskumy finančnej gramotnosti. Opatrenia pre zlepšenie finančnej gramotnosti.
Salvato in:
| Autore principale: | |
|---|---|
| Natura: | Capitolo di libro |
| Lingua: | slovacco |
| Soggetti: | |
| Tags: |
Nessun Tag, puoi essere il primo ad aggiungerne!!
|
MARC
| LEADER | 00000naa a2200000 4500 | ||
|---|---|---|---|
| 001 | 0167171 | ||
| 005 | 20240502072920.2 | ||
| 041 | 0 | |a slo | |
| 044 | |a SK | ||
| 245 | 1 | 0 | |a Finančná gramotnosť a vzdelávanie v kontexte vývoja na finančnom trhu |c Monika Čonková |
| 520 | |a Vývoj na finančných trhoch a jeho vplyv na spotrebiteľov. Ochrana spotrebiteľov finančného trhu. Prieskumy finančnej gramotnosti. Opatrenia pre zlepšenie finančnej gramotnosti. | ||
| 610 | 2 | 0 | |a vzdelávanie |
| 610 | 2 | 0 | |a gramotnosť finančná |
| 610 | 2 | 0 | |a trh finančný |
| 610 | 2 | 0 | |a spotrebitelia |
| 100 | 1 | |a Čonková, Monika, 1976- | |